Представление документа в формате RUSMARC

ПолеНазваниеЗначение
  Тип записи a
  Библиографический уровень a
001 Контрольный номер RU/CBS_Ul/BASE/543340594
005 Дата корректировки 20240209175110.8
100 Данные общей обработки __
a Данные общей обработки 20170320d2017 ||| 0rusy0189 ca
101 Язык документа 0_
a Язык текста rus
102 Страна публикации __
a Страна публикации RU
105 Кодированные данные (монография) __
a Кодированные данные (монография) y###||||000|y
200 Заглавие и сведения об ответственности 1_
a Заглавие Человек на все времена
b Общее обозначение материала Текст
e Сведения, относящиеся к заглавию [22 февраля - День рождения Д.И. Архангельского]
f Первые сведения об ответственности В. Костягина
300 Общие примечания __
a Общие примечания Ограничения по возрасту - 12+
461 Уровень набора _0
1 2000
a Симбирскъ
463 Уровень физической единицы _0
1 001RU/CBS_Ul/BASE/540300360
1 2000
a № 1
v С. 40-43
1 210
d 2017
600 Персоналии _0
a Персоналии (Фамилия) Архангельский
b Персоналии (Имя, инициалы) Д.И.
606 Тематические рубрики 0_
a Основная рубрика Архангельский, Дмитрий Иванович (1885-1980)
610 Ключевые слова 0_
a Ключевые слова русские художники
610 Ключевые слова 0_
a Ключевые слова живописцы
610 Ключевые слова 0_
a Ключевые слова симбирские графики
610 Ключевые слова 0_
a Ключевые слова педагоги
610 Ключевые слова 0_
a Ключевые слова краеведы
686 Индексы других классификаций __
a Классификационный индекс 85.143(2)
2 Код системы ББК
700 Автор _1
a Фамилия Костягина
b Имя (инициалы) В.
801 Источник записи _0
a Страна RU
b Организация МБУК ЦБС г. Ульяновска
c Дата составления 20170320
g Правила каталогизации RCR
801 Источник записи _1
a Страна RU
b Организация МБУК ЦБС г. Ульяновска
c Дата составления 20170320
g Правила каталогизации RCR
900 Электронные ресурсы __
a Имя электронного ресурса Костягина Челловек на все
901 Тип документа __
t Тип документа b
w Контрольный № источника RU/CBS_Ul/BASE/540300360
910 Корректоры записи __
a Корректор записи Нецеевский
938 Служебная информация __
a Имя БД kraeved